00670nam a2200241 a 4500001001300000003000900013005001700022008004100039020001000080082001500090100001900105245002400124260004300148300000900191500003500200505001000235650001900245700001900264902000800283942000700291952011500298999001500413nice12345678IN_TiNIC20260116011420.0050524s1952 lona grp 000 0 eng  ac10000a274.2bDAV aDavies, Horton aEnglish Free Church aLondonbOxford University Press c1952 a208p aincludes index and biblioraphy2 aIndex aChurch-History1 aDavies, Horton bSRS cBK 001040708StackRoom-aHMIbHMId2007-07-18g100.00l0o274.2 DAVp02249r2007-07-18v100.00w2005-05-24yBK c1328d1328